Bệnh màng phổi : Sách chuyên khảo
Sách giới thiêu một số bệnh lý màng phổi hay gặp tại Việt Nam và Các kỹ thuật chẩn đoán, điều trị bệnh màng phổi trong lâm sàng.
Na minha lista:
| Autor principal: | |
|---|---|
| Formato: | Livro |
| Idioma: | Vietnamese |
| Publicado em: |
H.
Y học
2013
|
| Assuntos: | |
| Tags: |
Adicionar Tag
Sem tags, seja o primeiro a adicionar uma tag!
|
| Thư viện lưu trữ: | Thư viện Trường Đại học Nam Cần Thơ |
|---|
| LEADER | 00883nam a22001937a 4500 | ||
|---|---|---|---|
| 001 | NCT_33003 | ||
| 008 | 180424b xxu||||| |||| 00| 0 vie d | ||
| 999 | |c 1588 |d 1588 | ||
| 020 | |c 92000 | ||
| 082 | 0 | 4 | |2 23rd ed. |a 616.2 |b Q528 |
| 100 | 1 | |a Đỗ Quyết | |
| 245 | 1 | 0 | |a Bệnh màng phổi |b : Sách chuyên khảo |c Đỗ Quyết |
| 260 | |a H. |b Y học |c 2013 | ||
| 300 | |a 379 tr. |b Minh họa |c 21cm | ||
| 520 | 3 | |a Sách giới thiêu một số bệnh lý màng phổi hay gặp tại Việt Nam và Các kỹ thuật chẩn đoán, điều trị bệnh màng phổi trong lâm sàng. | |
| 653 | |a Y đa khoa | ||
| 942 | |2 ddc |c BK | ||
| 952 | |0 0 |1 0 |2 ddc |4 0 |6 616_200000000000000_Q528 |7 0 |9 7642 |a 000001 |b 000001 |d 2018-04-24 |o 616.2 Q528 |p MD.10947 |r 2018-04-24 |v 92000.00 |w 2018-04-24 |y BK | ||
| 980 | |a Thư viện Trường Đại học Nam Cần Thơ | ||